Triennial report on the working of the civil hospital and dispensaries in the province of Assam for the years 1944, 1945 and 1946 / (Record no. 2065)
[ view plain ]
| 000 -LEADER | |
|---|---|
| fixed length control field | 00703nam a2200229Ia 4500 |
| 001 - CONTROL NUMBER | |
| control field | 2072 |
| 005 - DATE AND TIME OF LATEST TRANSACTION | |
| control field | 20240113233527.0 |
| 007 - PHYSICAL DESCRIPTION FIXED FIELD--GENERAL INFORMATION | |
| fixed length control field | ta |
| 008 - FIXED-LENGTH DATA ELEMENTS--GENERAL INFORMATION | |
| fixed length control field | 050219s1951 a g b000 u eng u |
| 040 ## - CATALOGING SOURCE | |
| Original cataloging agency | Ref. stack |
| 041 ## - LANGUAGE CODE | |
| Language code of text/sound track or separate title | eng |
| 082 ## - DEWEY DECIMAL CLASSIFICATION NUMBER | |
| Classification number | 613.5606 |
| Item number | As 72 T |
| 100 ## - MAIN ENTRY--PERSONAL NAME | |
| Personal name | Chopra, A. N . |
| 245 #0 - TITLE STATEMENT | |
| Title | Triennial report on the working of the civil hospital and dispensaries in the province of Assam for the years 1944, 1945 and 1946 / |
| Statement of responsibility, etc. | A. N. Chopra. |
| Medium | Reports |
| 250 ## - EDITION STATEMENT | |
| Edition statement | 1st ed / |
| 260 ## - PUBLICATION, DISTRIBUTION, ETC. | |
| Place of publication, distribution, etc. | Shillong : |
| Name of publisher, distributor, etc. | Government of Assam , |
| Date of publication, distribution, etc. | 1951. |
| 300 ## - PHYSICAL DESCRIPTION | |
| Extent | 61p. : |
| Other physical details | ill ; |
| Dimensions | 32cm . |
| 653 ## - INDEX TERM--UNCONTROLLED | |
| Uncontrolled term | Report - civil hospitals and dispensaries |
| 942 ## - ADDED ENTRY ELEMENTS (KOHA) | |
| Source of classification or shelving scheme | Dewey Decimal Classification |
| Koha item type | Books |
| Withdrawn status | Lost status | Damaged status | Not for loan | Collection | Home library | Current library | Date acquired | Coded location qualifier | Total checkouts | Full call number | Barcode | Date last seen | Copy number | Price effective from | Koha item type |
|---|---|---|---|---|---|---|---|---|---|---|---|---|---|---|---|
| Dr. Suryya Kumar Bhuyan Library | Dr. Suryya Kumar Bhuyan Library | 01/02/2012 | 00000 | 613.5606 As 72 T | 134/RR | 13/01/2024 | 1 | 01/02/2012 | Books |
